000 01267cam a22002651i 4500
003 SA-RiAUC
005 20250829155238.0
008 250823s1999 ts g 000 0 ara c
040 _aSA-RiAUC
_bara
_cSA-RiAUC.
_erda
082 0 4 _a251
090 _a251
_bم ح م
100 0 _aمحمد الطيب بن محمد بن عبد القادر الفاسي،
_d1064-1113 هجري
_eمؤلف.
245 1 0 _aمفتاح الوصول إلى علم الأصول في شرح خلاصة الأصول /
_cمحمد الطيب بن محمد بن عبد القادر الفاسي ؛ تقديم وتحقيق إدريس الفاسي الفهري.
264 1 _aدبي، الإمارات العربية المتحدة :
_bدار البحوث،
_c1999
300 _a380 صفحة؛
_c24 سم.
336 _aنص
_btxt
_2rdacontent
_3كتاب
337 _aبدون وسيط
_bn
_2rdamedia
338 _aمجلد
_bnc
_2rdacarrier
650 7 _aأصول الفقه الإسلامي
_2aucsh
700 1 _aالفاسي الفهري، إدريس
_eمقدم.
700 1 2 _aعبد القادر الفاسي، عبد القادر بن علي بن يوسف،
_d1007-1091 هجري
740 0 2 _aخلاصة الأصول.
942 _2ddc
_cBOOK
_n0
949 _aSA-JeALM
_d250823
_umohamedma123
_n1
999 _c11295
_d11295